🎶 Paroles "Jardin d'hiver" Henri Salvador - Statistiques

Statistiques générales
  • Ce quiz a Ă©tĂ© pris 133 fois
  • Le rĂ©sultat moyen est 117 sur 151
Statistiques - réponses
Mots % Correct
Ă 
100%
Angleterre
100%
Astaire
100%
d'
100%
jardin
99%
mon
99%
Dans
98%
hiver
96%
l'
96%
Latécoère
96%
n'
96%
Nouvelle-
96%
de
95%
Je
95%
la
95%
t'
95%
T'
95%
Fred
94%
en
91%
voudrais
90%
du
89%
et
88%
soleil
88%
vert
85%
te
84%
Comme
83%
Les
83%
les
83%
Ta
83%
plus
82%
Qu'
80%
attendre
78%
est
78%
peux
78%
Des
77%
des
77%
il
77%
un
77%
fleurs
74%
ne
74%
qui
74%
Mes
73%
robe
73%
Sous
73%
pluie
70%
mains
67%
peut
67%
novembre
66%
lumière
65%
nous
65%
loin
63%
plaire
63%
théières
63%
tendre
61%
veux
61%
entendre
60%
âge
59%
mer
59%
toujours
57%
par
56%
années
55%
Nul
55%
passent
54%
bord
52%
au
51%
courent
46%
Revoir
45%
yeux
45%
terre
44%
dentelles
41%
ouverts
40%
atmosphère
39%
changer
39%
photos
37%
clairs
35%
embrasser
34%
déjeuner
33%
long
33%
golfes
30%
Aucun quiz correspondant
Distribution des résultats
% des personnes avec chaque résultat
Percentile par nombre de réponses
Votre historique - résultats
Vous n’avez pas pris ce quiz